The Adventure of Tom Sawyer (Record no. 159643)

MARC details
000 -LEADER
fixed length control field 00723nam a22002297a 4500
005 - DATE AND TIME OF LATEST TRANSACTION
control field 20181227124823.0
006 - FIXED-LENGTH DATA ELEMENTS--ADDITIONAL MATERIAL CHARACTERISTICS--GENERAL INFORMATION
fixed length control field a|||||f|||| 00| 0
007 - PHYSICAL DESCRIPTION FIXED FIELD--GENERAL INFORMATION
fixed length control field tc
008 - FIXED-LENGTH DATA ELEMENTS--GENERAL INFORMATION
fixed length control field 180720b xxu||||| |||| 00| 0 eng d
010 ## - LCCN (DPL NO)
LC control number B-089838-B-089845
020 ## - INTERNATIONAL STANDARD BOOK NUMBER
Terms of availability 62.00(per set)
035 ## - SYSTEM CONTROL NUMBER
System control number B-089838
037 ## - SOURCE OF ACQUISITION
Source of stock number/acquisition A.I.C.B.
082 ## - DEWEY DECIMAL CLASSIFICATION NUMBER
Classification number S
100 ## - MAIN ENTRY--PERSONAL NAME
Personal name Twain, Mark
245 ## - TITLE STATEMENT
Title The Adventure of Tom Sawyer
Statement of responsibility, etc by Mark Twain
260 ## - PUBLICATION, DISTRIBUTION, ETC. (IMPRINT)
Place of publication, distribution, etc Delhi
Name of publisher, distributor, etc A.C.I.B.
Date of publication, distribution, etc N.D.
270 ## - ADDRESS
Address Sector-5, Rohini,
City New Delhi
Postal code 110085
300 ## - PHYSICAL DESCRIPTION
Extent 4V.,various pages.
Dimensions 30cm(HB).
942 ## - ADDED ENTRY ELEMENTS (KOHA)
Source of classification or shelving scheme Dewey Decimal Classification
Item type Braille-Books-English
Classification part S
Call number suffix TWA
Holdings
Withdrawn status Lost status Materials specified (bound volume or other part) Not for loan Collection code Home library Current library Date acquired Source of acquisition Cost, normal purchase price Full call number Barcode Copy number Koha item type
    V.-1   Fiction Braille-Library Braille-Library 05/07/2005 2195/05-07-2005 62.00 S TWA B-089838 1 Braille-Books-English
    V.-2   Fiction Braille-Library Braille-Library 05/07/2005 2195/05-07-2005 62.00 S TWA B-089839 1 Braille-Books-English
    V.-3   Fiction Braille-Library Braille-Library 05/07/2005 2195/05-07-2005 62.00 S TWA B-089840 1 Braille-Books-English
    V.-4   Fiction Braille-Library Braille-Library 05/07/2005 2195/05-07-2005 62.00 S TWA B-089841 1 Braille-Books-English
    V.-1   Fiction Braille-Library Braille-Library 05/07/2005 2195/05-07-2005 62.00 S TWA B-089842 1 Braille-Books-English
    V.-2   Fiction Braille-Library Braille-Library 05/07/2005 2195/05-07-2005 62.00 S TWA B-089843 1 Braille-Books-English
    V.-3   Fiction Braille-Library Braille-Library 05/07/2005 2195/05-07-2005 62.00 S TWA B-089844 1 Braille-Books-English
    V.-4   Fiction Braille-Library Braille-Library 05/07/2005 2195/05-07-2005 62.00 S TWA B-089845 1 Braille-Books-English

© Delhi Public Library
Hit Counter
free hit counter